Archivmaterialien zu Reinhard Blomert, 1951-

Guardado en:  
Detalles Bibliográficos
Autor principal: Blomert, Reinhard 1951- (Autor)
Tipo de documento: Electrónico Archival Collections
Lenguaje:Alemán
En:Año: 2019
Acceso en línea: Archivdatenbank (Kalliope Verbundkatalog)
Verificar disponibilidad: HBZ Gateway

MARC

LEADER 00000npc a22000002 4500
001 LR115672966
003 PipeLineGenerated
005 20260508112529.0
008 190606s2019 xx ||||| 00| ||ger c
100 |a Blomert, Reinhard  |0 (DE-588)115672966  |0 (DE-627)077397037  |d 1951- 
245 |a Archivmaterialien zu Reinhard Blomert, 1951- 
856 |u https://kalliope-verbund.info/gnd/115672966  |3 Archivdatenbank (Kalliope Verbundkatalog) 
ELC |a 1